Personální inzerce je také vizitkou firmy

Inzerát je často úvodným spojením medzi spoločnosťou a potenciálnym zamestnancom. Výber inzertného média, spôsob prezentácie spoločnosti, vzhľad a text inzerátu je súčasťou personálneho marketingu spoločnosti a každá spoločnosť by mala premýšľať o tom, čo tvorí jej "zamestnávateľskú značku" a ako by...

Descrizione completa

Salvato in:
Dettagli Bibliografici
Autore principale: Šulcová, Tereza
Natura: Capitolo di libro
Lingua:ceco
Soggetti:
Tags: Aggiungi Tag
Nessun Tag, puoi essere il primo ad aggiungerne!!

MARC

LEADER 00000naa a2200000 4500
001 0118594
005 20231019115224.1
041 0 |a cze 
044 |a CZ 
245 1 0 |a Personální inzerce je také vizitkou firmy  |c Tereza Šulcová 
520 |a Inzerát je často úvodným spojením medzi spoločnosťou a potenciálnym zamestnancom. Výber inzertného média, spôsob prezentácie spoločnosti, vzhľad a text inzerátu je súčasťou personálneho marketingu spoločnosti a každá spoločnosť by mala premýšľať o tom, čo tvorí jej "zamestnávateľskú značku" a ako by chcela byť vnímaná z pohľadu súčasného a budúceho zamestnanca. Správna inzercia mieri na cieľovú skupinu. Atraktivita inzerátu. 
610 2 0 |a spoločnosti 
610 2 0 |a marketing personálny 
610 2 0 |a inzercia 
100 1 |a Šulcová, Tereza